All Camila Cabello songs - Statistics

General Stats
  • This quiz has been taken 301 times
  • The average score is 24 of 40
Answer Stats
Album Features/Lead Answer % Correct
CAMILA Young Thug Havana
95%
Romance Shawn Mendes Senorita
94%
Handwritten - Deluxe Shawn Mendes I Know What You Did Last Summer
87%
Romance DaBaby My Oh My
82%
Romance Shameless
78%
Bloom Machine Gun Kelly Bad Things
76%
CAMILA Never be the Same
76%
Romance Liar
73%
CAMILA Consequences
69%
Quavo OMG
67%
Bazzi Beautiful
66%
Romance First Man
65%
CAMILA Real Friends
64%
No.6 Collaborations Ed Sheeran & Cardi B South of the Border
64%
CAMILA In the Dark
62%
CAMILA Into It
61%
CAMILA She Loves Control
61%
Pharrell Sangria Wine
60%
CAMILA All These Years
59%
Romance Bad Kind of Butterflies
59%
Romance Living Proof
59%
Romance Easy
58%
Know no Better (EP) Major Lazor,Travis Scott & Quavo Know No Better
58%
Romance This Love
58%
CAMILA Somethings Gotta Give
57%
Romance Cry For Me
54%
Crying in the Club
54%
CAMILA Inside Out
54%
Romance Used to This
54%
Fast & Furious 8: The Album J Balvin & Pitbull Hey Ma
52%
Romance Dream of You
50%
Romance Should've Said It
49%
Late Night Feelings Mark Ronson Find U Again
48%
#ElDisco Alejandro Sanz Mi Persona Favorita
47%
Bright: The Album Grey Crown
45%
Romance Feel It Twice
45%
I Have Questions
45%
9 Cashmere Cat Love Incredible
38%
The Kacey Musgraves Christmas Show Kacey Musgraves Rockin' Around the Christmas Tree
14%
One World: Together at Home Shawn Mendes What a Wonderful World
12%
No matching quizzes found
Score Distribution
Percent of People with Each Score
Percentile by Number Answered
Your Score History
You have not taken this quiz